000 00376pab a2200157 454500
008 180718b2002 xxu||||| |||| 00| 0 eng d
100 _aGupta, V.P.
245 _aFinances of state governments in India
260 _c2002
300 _ap.25-48.
362 _aJan
650 _aPublic finance - India
650 _aPublic finance
773 _aPrashasnika
909 _a54076
999 _c54076
_d54076